| 000 | 00568nam a22001931i 4500 | ||
|---|---|---|---|
| 001 | 16573 | ||
| 090 | _a16573 | ||
| 010 | _a9789728541002 | ||
| 100 | _a20170304u u u0frey50 ba | ||
| 101 | 0 | _apor | |
| 200 | 1 |
_fM. Scott Peck _aO caminho menos percorrido |
|
| 215 |
_a347, [3] p. _d21 cm |
||
| 702 | 1 |
_aCardoso _bMaria Isabel _4730 |
|
| 700 | 1 |
_aPeck _bM. Scott _4070 |
|
| 210 |
_cSinais de Fogo _aCascais _d2005 |
||
| 225 | 2 | _aOutro olhar | |
| 410 | 0 | _tOutro olhar | |
| 996 |
_f0021025 _kPEC _m00000000 _n00000000 _aBMVAAL _b3 _vAlcáçovas _xPsicologia _y25 _eLivro _10 _31 |
||
| 990 | _cLIVROS | ||